000 00843nam a2200205Ii 4500
003 JO-AjNU
008 230605s9999||||xx |||||||||||||| ||und||
040 _aJO-AjNU
_bara
_erda
_cJO-AjNU
041 _aara
050 1 4 _aBF431.R8768.1998
100 3 _aالروسان،فاروق/اعداد,
_eauthor
_922772
245 0 0 _aدليل مقياس مهارات القراءة للمعوقين عقليا
250 _aط1
264 3 1 _aعمان:دار الفكر للطباعة والنشر والتوزيع ،1998
300 _a56ص
_bالملحق رقم 1 من ص45-ص47 ،الملحق رقم 2 من ص49-ص56
336 _atext
_btxt
_2rdacontent
337 _aunmediated
_bn
_2rdamedia
338 _avolume
_bnc
_2rdacarrier
650 4 _aالمعوقون-التعليم-التعليم الخاص-القراءة-دراسة وتعليم
_922773
999 _aA8135
_c11703
_d11703